| 000 | 00346nam a2200121Ia 4500 | ||
|---|---|---|---|
| 008 | 210430s9999 xx 000 0 und d | ||
| 082 | _a530 B G6611 P | ||
| 100 |
_aRaymond A. Serway _954255 |
||
| 245 |
_aPhysics for Scientists and Engineers 7th ed _cRaymond A. Serway |
||
| 260 |
_aAmerica _bThomson _c2008 |
||
| 300 | _a1-17 p | ||
| 942 |
_cBK _2ddc |
||
| 999 |
_c564745 _d564745 |
||